Normal view
MARC view
- COMPUTER VIRUSES-DICTIONARY
Entry Topical Term
001 - CONTROL NUMBER
- control field: 63737
003 - CONTROL NUMBER IDENTIFIER
- control field: NUST
005 - DATE AND TIME OF LATEST TRANSACTION
- control field: 20210628203151.0
008 - FIXED-LENGTH DATA ELEMENTS
- fixed length control field: 210628|| aca||aabn | a|a d
040 ## - CATALOGING SOURCE
- Original cataloging agency: NUST
- Transcribing agency: NUST
150 ## - HEADING--TOPICAL TERM
- Topical term or geographic name entry element: COMPUTER VIRUSES-DICTIONARY
670 ## - SOURCE DATA FOUND
- Source citation: Work cat.: (NUST): Sharma, Sanjeev 63736, Dictionary of computer viruses, 2005
